| 000 | 01092nam a2200265Ia 4500 | ||
|---|---|---|---|
| 005 | 20250622124037.0 | ||
| 008 | 250617s9999||||xx |||||||||||||| ||ara|| | ||
| 017 |
_a2024/32117 _bمصر. دار الكتب |
||
| 020 | _a9789778995619 | ||
| 082 | 0 | 4 |
_a"371,33" _bأ ت |
| 100 | 0 | _aأحمد شاكر صالح الألفى | |
| 245 | 1 | 0 |
_aتوظيف أنماط الوكيل الذكى فى حل مشكلات الأمن السيبرانى / _cإعداد أحمد شاكر صالح الألفى |
| 250 | _aط1 | ||
| 260 | 3 |
_aالقاهرة : _b"المركز الأكاديمى العربى للنشر والتوزيع،" _c2025. |
|
| 300 |
_a305ص ؛ _b _c24سم. |
||
| 650 | _aالتخطيط التربوى | ||
| 650 |
_aالتعليم _x الأمن السيبرانى |
||
| 650 |
_aالتعليم _x الذكاء الاصطناعى |
||
| 650 |
_aالتعليم _x مناهج |
||
| 650 |
_aالتعليم _x وسائل سمعية وبصرية |
||
| 650 | _aأمن البيانات | ||
| 650 | _aتكنولوجيا التعليم | ||
| 942 | _cBK | ||
| 999 |
_c67666 _d67666 |
||